01356njm a2200397 c 4500001000200000003000900002005001700011008002600028015000600054017000900060020001800069028000900087035000600096040002500102082002800127084000900155100004300164240001200207245006000219260003600279300002700315490002500342500007500367504003200442505000600474511010600480590002600586600006500612650004200677650003500719651003500754910001500789942001200804952012500816999001700941 DO-SdBNP20250205090221.0160127s 2008 sp d spa a  a b  a978849764576800a b  a  aBPMSUbspacBPMSUe  a923.146bF363D 2008222 a 2 1 aDíaz Villanueva, Fernando d1970-4 10a n r 10a Femando el Católico /c Fernando Díaz Villanueva  aMadrid :bEdimat Libros,c2008 a190 p. ;c23 cm.e b 0 aGrandes biografías a Incluye referencias bibliográficas y notas al pie de las páginas  aBibliografía. p.: 187-1880 a 1 aLudwig Trio ; Hyo-Sun Lim, piano ; Orquesta Sinfónica de Galicia ; Víctor Pablo Pérez, director 6Inventariado, 2022/VM14aFernando bV, cEl Católico, Rey de España, d1452-1510. 4aMonarquíay1452-1516.zEspaña x  4aReyes y soberanos y1452-1516. 4aEspañaxHistoriay1452-1516. aVMateo V.  2ddccBK 00102ddc40708CDaBPMETbBPMETd2022-09-20l0oBPMSU CG 923.146 F363D 2008pBPMSU22090029r2022-09-20w2022-09-20yBK c14270d14270